|
|
|
|
| LEADER |
00000cam a22000004a 4500 |
| 001 |
musev2_4690 |
| 003 |
MdBmJHUP |
| 005 |
20230905040553.0 |
| 006 |
m o d |
| 007 |
cr||||||||nn|n |
| 008 |
030620s2003 nyu o 00 0 eng d |
| 010 |
|
|
|z 2003057265
|
| 020 |
|
|
|a 9780791486603
|
| 020 |
|
|
|z 0791457931
|
| 020 |
|
|
|z 9780791457931
|
| 035 |
|
|
|a (OCoLC)56418908
|
| 040 |
|
|
|a MdBmJHUP
|c MdBmJHUP
|
| 050 |
0 |
4 |
|a B2898
|b .W57 2003
|
| 082 |
0 |
|
|a 193
|2 21
|
| 100 |
1 |
|
|a Wirth, Jason M.,
|d 1963-
|
| 245 |
1 |
4 |
|a Conspiracy of Life, The :
|b Meditations on Schelling and His Time /
|c Jason M. Wirth.
|
| 264 |
|
1 |
|a Albany, NY :
|b State University of New York Press,
|c 2003.
|
| 264 |
|
3 |
|a Baltimore, Md. :
|b Project MUSE,
|c 2012
|
| 264 |
|
4 |
|c ©2003.
|
| 300 |
|
|
|a 1 online resource (300 pages).
|
| 336 |
|
|
|a text
|b txt
|2 rdacontent
|
| 337 |
|
|
|a computer
|b c
|2 rdamedia
|
| 338 |
|
|
|a online resource
|b cr
|2 rdacarrier
|
| 504 |
|
|
|a Includes bibliographical references (p. 265-280) and index.
|
| 588 |
|
|
|a Description based on print version record.
|
| 600 |
1 |
0 |
|a Schelling, Friedrich Wilhelm Joseph von,
|d 1775-1854.
|
| 655 |
|
7 |
|a Electronic books.
|2 local
|
| 710 |
2 |
|
|a Project Muse.
|e distributor
|
| 830 |
|
0 |
|a Book collections on Project MUSE.
|
| 856 |
4 |
0 |
|z Texto completo
|u https://projectmuse.uam.elogim.com/book/4690/
|
| 945 |
|
|
|a Project MUSE - Custom Collection
|
| 945 |
|
|
|a Project MUSE - Archive Complete Foundation
|
| 945 |
|
|
|a Project MUSE - Archive Philosophy and Religion Foundation
|